Lidé v Hodkovičkách a jejich příběhy

Titel: Lidé v Hodkovičkách a jejich příběhy / Jiří Jírovec
Verfasser:
Ausgabe: 1. vydání
Veröffentlicht: Praha : Petr Štengl, 2020
Umfang: 173 Seiten : Illustrationen ; 21 cm
Format: Buch
Sprache: Tschechisch
Schlagworte:
ISBN: 9788087563854 ; 8087563859
Buchumschlag
X
alg: 49751399
001A    $03004:25-07-22 
001B    $01999:02-12-24 $t22:31:58.000 
001D    $03004:22-11-22 
001U    $0utf8 
001X    $00 
002@    $0Aau 
002C    $aText $btxt $2rdacontent 
002C    $aunbewegtes Bild $bsti $2rdacontent 
002D    $aohne Hilfsmittel zu benutzen $bn $2rdamedia 
002E    $aBand $bnc $2rdacarrier 
003@    $0497513994 
004A    $A978-80-87563-85-4 
004A    $080-87563-85-9 
006C    $01285538731 $aOCoLC 
007A    $0497513994 $aHEB 
007G    $0DE02072C99472A3B2BB35C12589100048FDF5 
009P    $qapplication/pdf $A2 $3Inhaltsverzeichnis $uhttp://scans.hebis.de/HEBCGI/show.pl?49751399_toc.pdf $mV:DE-603;B:DE-Mb50 
009P    $qapplication/pdf $A2 $3Cover $uhttp://scans.hebis.de/HEBCGI/show.pl?49751399_cov.pdf $mV:DE-603;B:DE-Mb50 
009P    $qapplication/pdf $A2 $3Abstract $uhttp://scans.hebis.de/HEBCGI/show.pl?49751399_sum.pdf $mV:DE-603;B:DE-Mb50 
010@    $acze 
010E    $erda 
011@    $a2020 $n2020 
021A    $aLidé v Hodkovičkách a jejich příběhy $hJiří Jírovec 
027A    $aLidé a příběhy z Hodkoviček 
028A    $BVerfasser $4aut $8Jírovec, Jiří [Tnu] $9501868933 
032@    $a1. vydání 
033A    $pPraha $nPetr Štengl 
034D    $a173 Seiten 
034I    $a21 cm 
034M    $aIllustrationen 
037A    $aUmschlagtitel: Lidé a příběhy z Hodkoviček 
044A    $aJírovec, Jiří $2fast $S17 $d1941- $N600 
044A    $aCelebrities $2fast $S#7 $N650 
044A    $aCelebrities $2fast $S#7 $xHomes and haunts $N650 
044A    $aPoliticians $2fast $S#7 $N650 
044A    $aPoliticians $2fast $S#7 $xHomes and haunts $N650 
044A    $aCzech Republic $2fast $S#7 $zPrague $zHodkoviček $N651 
044A    $aPictorial works $2fast $S#7 $N655 
044A    $aAutobiographies $2fast $S#7 $N655 
044K    $RPrag $74442610-0 $8Bezirk$g4, Prag [Tg1] $9088785254 
045F    $a307.0943710904 $eDDC23BSB 
045F/01 $a307.09 
045F/03 $f0904 
045F/03 $f0905 
045F/03 $g4371 

lok: 49751399 24

exp: 49751399 24 1 #EPN
201B/01 $022-11-22 $t13:07:07.000 
201C/01 $025-07-22 
201U/01 $0utf8 
203@/01 $01210347458 
208@/01 $a22-11-22 $bz 
209A/01 $a22.03840 $du $f050 $h22 03840 $x00 
209C/01 $a22.03840 K $h22 03840 K 
209G/01 $a74568416 $x00 
220C/01 $akon 
247C/01 $8358050-7 Marburg, Bibliothek des Herder-Instituts Marburg $9102600961
LEADER 00000cam a2200000 c 4500
001 497513994
003 DE-603
005 20241202223158.0
007 tu
008 220725s2020 xx |||| | u00||u|cze c
020 |a 9788087563854 
020 |a 8087563859 
035 |a (DE-599)HEB497513994 
040 |a DE-603  |b ger  |c DE-603  |d DE-603  |e rda 
041 |a cze 
082 0 4 |8 1\u  |a 307.0943710904  |q DE-101  |2 23/BSB 
085 |8 1\u  |b 307.09 
085 |8 1\u  |z 1  |s 0904 
085 |8 1\u  |z 1  |s 0905 
085 |8 1\u  |z 2  |s 4371 
100 1 |a Jírovec, Jiří  |e Verfasser  |4 aut  |0 (DE-603)501868933 
245 0 0 |a Lidé v Hodkovičkách a jejich příběhy  |c Jiří Jírovec 
246 1 3 |a Lidé a příběhy z Hodkoviček 
250 |a 1. vydání 
264 1 |a Praha  |b Petr Štengl  |c 2020 
300 |a 173 Seiten  |b Illustrationen  |c 21 cm 
336 |a Text  |b txt  |2 rdacontent 
336 |a unbewegtes Bild  |b sti  |2 rdacontent 
337 |a ohne Hilfsmittel zu benutzen  |b n  |2 rdamedia 
338 |a Band  |b nc  |2 rdacarrier 
500 |a Umschlagtitel: Lidé a příběhy z Hodkoviček 
651 7 |a Bezirk  |g 4, Prag  |0 (DE-588)4442610-0  |0 (DE-603)088785254  |2 gnd 
856 4 2 |m V:DE-603;B:DE-Mb50  |q application/pdf  |u http://scans.hebis.de/HEBCGI/show.pl?49751399_toc.pdf  |3 Inhaltsverzeichnis 
856 4 2 |m V:DE-603;B:DE-Mb50  |q application/pdf  |u http://scans.hebis.de/HEBCGI/show.pl?49751399_cov.pdf  |3 Cover 
856 4 2 |m V:DE-603;B:DE-Mb50  |q application/pdf  |u http://scans.hebis.de/HEBCGI/show.pl?49751399_sum.pdf  |3 Abstract 
924 0 |9 Mb 50  |a (DE-603)1210347458  |b DE-Mb50  |c HES  |d c  |g 22.03840